[Event "8th Prague Futures"]
[Site "Prague CZE"]
[Date "2026.02.25"]
[Round "1"]
[White "Rzadkowska,Lila"]
[Black "Alessi,Clio"]
[Result "0-1"]
[WhiteElo "1836"]
[BlackElo "1887"]
[EventDate "2026.02.24"]

1. d4 e6 2. c4 d5 3. g3 Nf6 4. Bg2 Be7 5. Nf3 O-O 6. Nbd2 Nbd7 7. O-O b6 8.
Qc2 Bb7 9. b3 Rc8 10. Bb2 c5 11. dxc5 Nxc5 12. Rfd1 Nce4 13. Nxe4 Nxe4 14.
Nd4 Nd6 15. Rac1 Qe8 16. Qd2 dxc4 17. Bxb7 Nxb7 18. Rxc4 Rxc4 19. bxc4 Qa4
20. Rc1 Rd8 21. Qc2 Qxc2 22. Rxc2 Rc8 23. Nb3 Kf8 24. Rd2 Nd6 25. Nd4 Nxc4
26. Rc2 Bf6 27. Ba3+ Be7 28. Bb2 g6 29. Nb5 a6 30. Na7 Rc7 31. a4 Bd6 32.
Bd4 Ke7 33. f4 f6 34. e4 e5 35. fxe5 fxe5 36. Bf2 Bc5 37. Kg2 Bxf2 38. Kxf2
Kd6 39. Ke2 Kc5 40. a5 Rxa7 41. axb6 Rb7 42. Kd3 Rd7+ 43. Ke2 Kb5 44. Rc1
Nxb6 45. Rb1+ Kc5 46. Ra1 Ra7 47. Ra5+ Kd6 48. Kd3 Nd7 49. Kc4 Kc6 50. h3
Kb6 51. Rd5 a5 52. Rd6+ Kc7 53. Kd5 a4 54. Rc6+ Kd8 55. Rc2 a3 56. Ra2 Ke7
57. Kc4 Ke6 58. Kb4 Nf6 59. Rxa3 Rxa3 60. Kxa3 Nxe4 0-1

[Event "8th Prague Futures"]
[Site "Prague CZE"]
[Date "2026.02.25"]
[Round "1"]
[White "Stara,Zuzana"]
[Black "Schirmbeck,Lilian"]
[Result "1-0"]
[WhiteElo "1976"]
[BlackElo "2036"]
[EventDate "2026.02.24"]

1. d4 Nf6 2. Nf3 e6 3. Bf4 d5 4. e3 Bd6 5. Nbd2 O-O 6. Bd3 c5 7. dxc5 Bxf4
8. exf4 Qa5 9. c3 Qxc5 10. O-O Qc7 11. g3 b6 12. Re1 Nbd7 13. Ne5 Nc5 14.
Bc2 Bb7 15. Ndf3 Nfe4 16. Nd4 f6 17. Nd3 e5 18. Nxc5 Qxc5 19. Bxe4 exd4 20.
cxd4 Qb4 21. Bf5 Rad8 22. Rc1 Bc8 23. Bb1 Rf7 24. Qd3 g6 25. Qe3 Kg7 26. f5
Qxb2 27. h4 Qb4 28. Qf4 Re7 29. Rxe7+ Qxe7 30. fxg6 hxg6 31. Bxg6 Kxg6 32.
Rxc8 Rxc8 33. Qg4+ Kh6 34. Qxc8 Qe1+ 35. Kg2 Qe4+ 36. Kh2 Qxd4 37. Qh8+ Kg6
38. Qe8+ Kh6 39. Qf8+ Kg6 40. Qg8+ Kh6 41. Qh8+ Kg6 42. h5+ Kg5 43. Qg7+
Kf5 44. Qd7+ Kg5 45. Kh3 f5 46. Qe7+ Kh6 47. f4 Qe4 48. Qf6+ Kh7 49. Kh4
Qh1+ 50. Kg5 Qf3 51. Qg6+ Kh8 52. Kh6 1-0

[Event "8th Prague Futures"]
[Site "Prague CZE"]
[Date "2026.02.25"]
[Round "1"]
[White "Hrckova,Anna"]
[Black "Rzadkowska,Kaja"]
[Result "0-1"]
[WhiteElo "2041"]
[BlackElo "1908"]
[EventDate "2026.02.24"]

1. e4 e5 2. Nf3 Nc6 3. Bb5 a6 4. Ba4 Nf6 5. O-O d6 6. Re1 Bd7 7. c3 g6 8.
h3 Bg7 9. d3 O-O 10. Bg5 h6 11. Bh4 b5 12. Bc2 Qc8 13. Nh2 Nh5 14. Nd2 Nf4
15. Ndf1 f5 16. exf5 gxf5 17. Nf3 Kh8 18. Qd2 Ng6 19. Bg3 Qd8 20. Qe2 Qf6
21. Rad1 Nce7 22. Bb3 Bc6 23. Ne3 f4 24. Ng4 Bxf3 25. Qxf3 Qf5 26. Bh2 h5
27. d4 hxg4 28. hxg4 Qg5 29. dxe5 Nxe5 30. Qe4 Qxg4 31. Bc2 N7g6 32. f3 Qh4
33. Rd5 Rae8 34. Re2 Ng4 35. fxg4 Rxe4 36. Rxe4 Ne5 37. Bd1 Nxg4 38. Rxf4
Qe1+ 0-1

[Event "8th Prague Futures"]
[Site "Prague CZE"]
[Date "2026.02.25"]
[Round "1"]
[White "Tolmaceva,Alona"]
[Black "Jordan,Christina"]
[Result "0-1"]
[WhiteElo "1876"]
[BlackElo "1890"]
[EventDate "2026.02.24"]

1. e4 c5 2. Nf3 d6 3. d4 cxd4 4. Nxd4 Nf6 5. Nc3 a6 6. h4 e5 7. Nb3 Be6 8.
f4 Nc6 9. f5 Bxb3 10. axb3 d5 11. exd5 Nd4 12. Bd3 Nxd5 13. Be4 Nb4 14. Bg5
Be7 15. O-O Bxg5 16. hxg5 Qxg5 17. Ra4 Nbc6 18. Nd5 O-O 19. c3 Nb5 20. f6
g6 21. Bf3 h5 22. Qe1 Nd6 23. Nb6 Ra7 24. Qf2 Rd8 25. Bxc6 bxc6 26. Nd5
Raa8 27. Ne7+ Kh7 28. Nxc6 Rd7 29. Re1 e4 30. Ra5 Nf5 31. Ne7 Rd2 32. Qf1
Qxf6 33. Nd5 Qc6 34. c4 Re8 35. Qf4 e3 36. Ra3 Rxb2 37. b4 Rc2 38. Qg5 Re6
39. Nxe3 Nxe3 40. Raxe3 Rxe3 41. Rxe3 Qxc4 42. Re7 Rc1+ 43. Kh2 Rf1 44. Rb7
Qe4 45. Rb6 Rf4 46. Rf6 Rh4+ 47. Kg1 Qd4+ 48. Rf2 Qd1+ 49. Rf1 Qd4+ 50. Rf2
Re4 51. Qg3 Re2 52. Qf3 Qxf2+ 0-1

[Event "8th Prague Futures"]
[Site "Prague CZE"]
[Date "2026.02.25"]
[Round "1"]
[White "Markina,Sofiia"]
[Black "Nguyen Doan,Bao Anh Angelina"]
[Result "0-1"]
[WhiteElo "1867"]
[BlackElo "1851"]
[EventDate "2026.02.24"]

1. e4 c5 2. Nf3 d6 3. d4 cxd4 4. Nxd4 Nf6 5. Nc3 a6 6. Be2 e5 7. Nb3 Be7 8.
Be3 Be6 9. Qd2 b5 10. O-O-O O-O 11. f3 Nbd7 12. Kb1 Nb6 13. Bxb6 Qxb6 14.
g4 b4 15. Nd5 Bxd5 16. exd5 a5 17. Qd3 Nd7 18. g5 a4 19. Nd2 Nc5 20. Qf5 b3
21. cxb3 axb3 22. a3 Na4 23. Nc4 Qf2 24. Bd3 g6 25. Qg4 Nc3+ 26. bxc3 Qa2+
27. Kc1 b2+ 28. Nxb2 Rfb8 29. Rd2 Qa1+ 30. Bb1 Rxa3 31. Rc2 Rxc3 32. Qg2
Qxb2+ 33. Kd2 Rc5 34. f4 Qd4+ 35. Kc1 Qb4 36. Ba2 Qb2+ 37. Kd1 Qa1+ 0-1

[Event "8th Prague Futures"]
[Site "Prague CZE"]
[Date "2026.02.26"]
[Round "2"]
[White "Rzadkowska,Kaja"]
[Black "Rzadkowska,Lila"]
[Result "1/2-1/2"]
[WhiteElo "1908"]
[BlackElo "1836"]
[EventDate "2026.02.24"]

1. e4 e5 2. Nc3 Nc6 3. g3 Bc5 4. Bg2 a5 5. Nge2 Nge7 6. O-O O-O 7. d3 d6 8.
h3 f5 9. Kh2 Be6 10. f4 Qe8 11. Nd5 Bxd5 12. exd5 Nb4 13. c4 Bb6 14. b3 Ng6
15. a3 Na6 16. Qc2 h5 17. Rb1 Bc5 18. Ra1 h4 19. Bd2 hxg3+ 20. Nxg3 Qd7 21.
Qd1 Bd4 22. Rb1 Nc5 23. Bc1 a4 24. bxa4 Qxa4 25. Qh5 Ne7 26. fxe5 Bxe5 27.
Bf4 Bxf4 28. Rxf4 Nxd3 29. Rh4 Qc2 30. Qh7+ Kf7 31. Nxf5 Ke8 1/2-1/2

[Event "8th Prague Futures"]
[Site "Prague CZE"]
[Date "2026.02.26"]
[Round "2"]
[White "Jordan,Christina"]
[Black "Alessi,Clio"]
[Result "0-1"]
[WhiteElo "1890"]
[BlackElo "1887"]
[EventDate "2026.02.24"]

1. e4 c6 2. Nc3 d5 3. Nf3 Bg4 4. h3 Bxf3 5. Qxf3 e6 6. d3 Nd7 7. Be2 Ngf6
8. O-O Bc5 9. Qg3 O-O 10. Bh6 Ne8 11. Kh1 Kh8 12. Bd2 Bd4 13. f4 Nd6 14. f5
Be5 15. Bf4 Bxf4 16. Rxf4 e5 17. Rg4 dxe4 18. dxe4 Nf6 19. Rxg7 Nfxe4 20.
Qxe5 Re8 21. Qd4 c5 0-1

[Event "8th Prague Futures"]
[Site "Prague CZE"]
[Date "2026.02.26"]
[Round "2"]
[White "Nguyen Doan,Bao Anh Angelina"]
[Black "Stara,Zuzana"]
[Result "0-1"]
[WhiteElo "1851"]
[BlackElo "1976"]
[EventDate "2026.02.24"]

1. d4 Nf6 2. c4 e6 3. Nc3 Bb4 4. e3 O-O 5. Bd3 d5 6. a3 Bxc3+ 7. bxc3 dxc4
8. Bxc4 c5 9. Ne2 Nc6 10. O-O e5 11. Bb2 Na5 12. Ba2 Be6 13. Bxe6 fxe6 14.
Qd3 e4 15. Qd1 Nd5 16. Ng3 Nf6 17. a4 b6 18. Qe2 Qd5 19. f3 Rac8 20. Rac1
Qb3 21. Nxe4 Nxe4 22. fxe4 Nc4 23. Ba1 Qxa4 24. Rf3 Rxf3 25. gxf3 Qb3 26.
Kh1 a5 27. Rg1 Rc7 28. d5 Re7 29. dxe6 Rxe6 30. f4 Rg6 31. Rxg6 hxg6 32.
Qd3 Kh7 33. e5 Qa2 34. Qf1 Kg8 35. Qd1 Nd2 36. Kg1 a4 37. c4 Qb1 38. Qxb1
Nxb1 39. Kf2 Nd2 40. Ke2 Nxc4 41. Kd3 b5 42. e4 Na5 43. e6 b4 44. f5 gxf5
45. exf5 Nb3 46. e7 Kf7 47. Bxg7 Nd4 48. Bf8 b3 49. Kc3 a3 50. e8=Q+ Kxe8
51. Bxc5 b2 52. Kxd4 b1=Q 53. Bxa3 Qa1+ 0-1

[Event "8th Prague Futures"]
[Site "Prague CZE"]
[Date "2026.02.26"]
[Round "2"]
[White "Schirmbeck,Lilian"]
[Black "Hrckova,Anna"]
[Result "0-1"]
[WhiteElo "2036"]
[BlackElo "2041"]
[EventDate "2026.02.24"]

1. d4 d5 2. Nf3 Nf6 3. g3 e6 4. Bg2 Nbd7 5. O-O Be7 6. c4 dxc4 7. Qc2 c5 8.
Rd1 a6 9. a4 Nd5 10. dxc5 Bxc5 11. e4 Nb4 12. Qxc4 b5 13. Qc3 O-O 14. axb5
Qb6 15. Kh1 a5 16. Na3 Nf6 17. Nd4 Bb7 18. f3 Rfd8 19. Be3 Rac8 20. Nc4 Qc7
21. b3 Qd7 22. Bh3 Nfd5 23. exd5 Nxd5 24. Qe1 Nxe3 25. Ne5 0-1

[Event "8th Prague Futures"]
[Site "Prague CZE"]
[Date "2026.02.26"]
[Round "2"]
[White "Tolmaceva,Alona"]
[Black "Markina,Sofiia"]
[Result "1/2-1/2"]
[WhiteElo "1876"]
[BlackElo "1867"]
[EventDate "2026.02.24"]

1. e4 e5 2. Nf3 Nc6 3. Bb5 d6 4. d3 Be7 5. Nc3 Bg4 6. h3 Bh5 7. Be3 Nf6 8.
g4 Bg6 9. Qe2 a6 10. Ba4 O-O 11. h4 h5 12. Nh2 d5 13. exd5 Nd4 14. Qd1 Bb4
15. a3 Qxd5 16. Rg1 Bxc3+ 17. bxc3 Qa5 18. Qd2 Qxa4 19. cxd4 exd4 20. Bg5
Rae8+ 21. Kf1 Nxg4 22. Nxg4 hxg4 23. Rxg4 Bh5 24. Bf6 Bg6 25. h5 Qc6 26.
Bxd4 Qh1+ 27. Rg1 Qh3+ 28. Rg2 Qh1+ 29. Rg1 Qh3+ 30. Rg2 Qh1+ 1/2-1/2

[Event "8th Prague Futures"]
[Site "Prague CZE"]
[Date "2026.02.27"]
[Round "3"]
[White "Markina,Sofiia"]
[Black "Jordan,Christina"]
[Result "0-1"]
[WhiteElo "1867"]
[BlackElo "1890"]
[EventDate "2026.02.24"]

1. e4 c5 2. Nf3 d6 3. d4 cxd4 4. Nxd4 Nf6 5. Nc3 a6 6. Be2 e5 7. Nb3 Be7 8.
O-O O-O 9. Re1 Be6 10. Bf3 Nbd7 11. a4 Rc8 12. a5 Nc5 13. Nd2 Qc7 14. Nf1
Qc6 15. Bg5 h6 16. Bxf6 Bxf6 17. Ne3 Bg5 18. Ned5 Qe8 19. Nb6 Rc6 20. Ncd5
Nd7 21. Nxd7 Qxd7 22. Nb4 Rc4 23. c3 Bd8 24. Re2 Rc5 25. Rd2 Bc7 26. Nd3
Rb5 27. b4 b6 28. axb6 Rxb6 29. Nxe5 Qe7 30. Nd3 Qf6 31. Qc1 Rc8 32. c4
Bxc4 33. Bg4 Be6 34. Bxe6 fxe6 35. Ra3 d5 36. e5 Qd8 37. Rc2 Kh8 38. Rac3
Rb7 39. Rc6 Qd7 40. Rxa6 Qb5 41. Ra3 Kh7 42. Rc5 Qd7 43. g3 Rcb8 44. Rac3
Bb6 45. Rc6 Bd4 46. Rc2 Qf7 47. Qe1 Qf5 48. Qe2 Ra7 49. Nf4 Rxb4 50. Rxe6
Rb1+ 51. Kg2 Raa1 52. Nh3 Qxe6 53. Qd3+ Qg6 54. Qxd4 Qxc2 55. Qxd5 Re1 56.
Qe6 Qe4+ 0-1

[Event "8th Prague Futures"]
[Site "Prague CZE"]
[Date "2026.02.27"]
[Round "3"]
[White "Stara,Zuzana"]
[Black "Tolmaceva,Alona"]
[Result "1-0"]
[WhiteElo "1976"]
[BlackElo "1876"]
[EventDate "2026.02.24"]

1. e4 c5 2. Nf3 d6 3. d4 cxd4 4. Nxd4 Nf6 5. Nc3 a6 6. Be2 e5 7. Nb3 Be7 8.
Be3 Be6 9. Nd5 Bxd5 10. exd5 Nbd7 11. a4 b6 12. c4 O-O 13. a5 bxa5 14. Nxa5
Qc7 15. O-O Rfc8 16. g4 Nf8 17. Nc6 Ng6 18. g5 Ne4 19. Bd3 Nxg5 20. Qg4 Nf4
21. Bxf4 exf4 22. h4 h5 23. Qxh5 Nh3+ 24. Kh2 g6 25. Bxg6 fxg6 26. Qxg6+
Kf8 27. Qf5+ Ke8 28. Rae1 1-0

[Event "8th Prague Futures"]
[Site "Prague CZE"]
[Date "2026.02.27"]
[Round "3"]
[White "Alessi,Clio"]
[Black "Rzadkowska,Kaja"]
[Result "1-0"]
[WhiteElo "1887"]
[BlackElo "1908"]
[EventDate "2026.02.24"]

1. e4 c5 2. c3 d5 3. exd5 Qxd5 4. d4 Nf6 5. Nf3 Nc6 6. Be3 cxd4 7. cxd4 Bf5
8. Nc3 Qa5 9. Bb5 e6 10. Ne5 Bb4 11. Bxc6+ bxc6 12. O-O Rc8 13. g4 Bg6 14.
h4 h5 15. Nxg6 fxg6 16. Qb3 Kf7 17. g5 Ne8 18. Bf4 Qf5 19. Bg3 Bd6 20. Rae1
Rc7 21. Ne4 Rd7 22. Re3 Qg4 23. Qc4 Ke7 24. Nc5 Bxc5 25. Qxc5+ Kf7 26. Qxc6
Rxd4 27. Rfe1 Nd6 28. Qd7+ Kg8 29. Rxe6 Nf5 30. Qe8+ Kh7 31. Qxg6+ Kg8 32.
Re8+ 1-0

[Event "8th Prague Futures"]
[Site "Prague CZE"]
[Date "2026.02.27"]
[Round "3"]
[White "Hrckova,Anna"]
[Black "Nguyen Doan,Bao Anh Angelina"]
[Result "1/2-1/2"]
[WhiteElo "2041"]
[BlackElo "1851"]
[EventDate "2026.02.24"]

1. e4 c5 2. c3 d5 3. exd5 Qxd5 4. d4 Nc6 5. Nf3 Bf5 6. Be3 cxd4 7. cxd4
Bxb1 8. Qxb1 e6 9. Qd1 Bb4+ 10. Bd2 Bxd2+ 11. Qxd2 Rd8 12. a3 Nf6 13. Rd1
O-O 14. Bd3 Rd7 15. O-O Rfd8 16. Qe3 Qh5 17. Bc2 Ng4 18. Qf4 Nxd4 19. Rxd4
Rxd4 20. Nxd4 e5 21. Qg3 Rxd4 22. h3 Nf6 23. Re1 Nd7 24. Qc3 Nf8 25. Qc7
Rd7 26. Qb8 Qg5 27. Qxe5 Qxe5 28. Rxe5 Rd2 29. Rc5 g6 30. b4 Ne6 31. Rc8+
Kg7 32. Bb3 Kf6 33. Bxe6 Kxe6 34. Rc3 h5 35. g3 Kf6 36. Kg2 Ke6 37. Kf3 Rd1
38. h4 Kf6 39. Ke2 Rd7 40. f3 Ke6 41. g4 hxg4 42. fxg4 f5 43. gxf5+ Kxf5
44. Rc4 b6 45. Ke3 Rd5 46. Rf4+ Ke6 47. Rg4 Kf6 48. Ke4 Rd1 49. Rf4+ Ke6
50. Rg4 Kf6 51. Rf4+ Ke6 52. Rg4 Kf6 1/2-1/2

[Event "8th Prague Futures"]
[Site "Prague CZE"]
[Date "2026.02.27"]
[Round "3"]
[White "Rzadkowska,Lila"]
[Black "Schirmbeck,Lilian"]
[Result "0-1"]
[WhiteElo "1836"]
[BlackElo "2036"]
[EventDate "2026.02.24"]

1. d4 Nf6 2. c4 e6 3. Nf3 Bb4+ 4. Bd2 Qe7 5. g3 O-O 6. Bg2 d5 7. O-O Bxd2
8. Nbxd2 Rd8 9. Qc2 b6 10. Rac1 c6 11. Ne5 Bb7 12. c5 Nfd7 13. Nxd7 Nxd7
14. Nb3 e5 15. dxe5 Qxe5 16. e3 Rac8 17. Rfd1 Ba6 18. Bf1 Bxf1 19. Kxf1 h5
20. Rd4 Nf8 21. Rf4 g6 22. Qc3 Qxc3 23. Rxc3 Ne6 24. Ra4 Rd7 25. Ra6 Rb7
26. a3 Kf8 27. cxb6 axb6 28. Ra4 c5 29. Rh4 f5 30. Nd2 Kg7 31. Ra4 Kf6 32.
Ra6 g5 33. Rb3 Rcb8 34. Rc3 c4 35. Ra4 Nc5 36. Rb4 b5 37. a4 bxa4 38. Rxb7
Rxb7 39. Rc2 Nd3 40. Nb1 Rxb2 41. Rxb2 Nxb2 42. Nc3 Ke5 43. f4+ gxf4 44.
gxf4+ Kd6 45. Ne2 Nd1 46. Nd4 Nxe3+ 47. Ke2 Ng4 48. h3 Nf6 49. Kd2 Kc5 50.
Nxf5 a3 51. Kc2 d4 52. Ng7 d3+ 53. Kc1 c3 54. Ne6+ Kc4 0-1

[Event "8th Prague Futures"]
[Site "Prague CZE"]
[Date "2026.02.28"]
[Round "4"]
[White "Tolmaceva,Alona"]
[Black "Hrckova,Anna"]
[Result "1-0"]
[WhiteElo "1876"]
[BlackElo "2041"]
[EventDate "2026.02.24"]

1. e4 e6 2. d4 d5 3. Nc3 Bb4 4. e5 c5 5. a3 Bxc3+ 6. bxc3 Ne7 7. h4 Qc7 8.
Rh3 cxd4 9. cxd4 Nbc6 10. h5 h6 11. Nf3 Bd7 12. Be2 Na5 13. Kf1 Ba4 14. Bd3
Rc8 15. Ne1 Nf5 16. Qg4 Rg8 17. Rb1 Nc6 18. c3 Qd7 19. Kg1 Na5 20. Nc2 Nb3
21. Bf4 Kf8 22. Ne3 Nxe3 23. Rxe3 Nd2 24. Rbe1 Bb5 25. Bh7 Rh8 26. Bc2 Ne4
27. Bxe4 dxe4 28. Rg3 f5 29. exf6 gxf6 30. Bxh6+ Ke8 31. Bg7 Rg8 32. h6 f5
33. h7 fxg4 34. hxg8=Q+ Ke7 35. Qh7 Kd6 36. Be5+ Kc6 37. Qxd7+ Kxd7 38.
Rxe4 Bc4 39. Rexg4 Kc6 40. Rg7 Kb6 41. Re3 Bd5 42. g4 Ka5 43. Rh7 Rg8 44.
Rg3 Ka4 45. g5 Be4 46. Rh8 Rxh8 47. Bxh8 Kxa3 48. g6 Bxg6 49. Rxg6 a5 50.
Rxe6 1-0

[Event "8th Prague Futures"]
[Site "Prague CZE"]
[Date "2026.02.28"]
[Round "4"]
[White "Markina,Sofiia"]
[Black "Stara,Zuzana"]
[Result "1-0"]
[WhiteElo "1867"]
[BlackElo "1976"]
[EventDate "2026.02.24"]

1. e4 e5 2. Nf3 Nc6 3. Bc4 Nf6 4. d3 Bc5 5. Nc3 d6 6. Be3 Bb6 7. a3 Bg4 8.
Qd2 Ne7 9. Bxb6 axb6 10. O-O-O Bxf3 11. gxf3 Ng6 12. Ne2 Nh5 13. Kb1 Nhf4
14. Rhg1 Nxe2 15. Qxe2 Nf4 16. Qd2 g6 17. d4 O-O 18. dxe5 dxe5 19. Qc3 Qe7
20. Rd2 Qc5 21. Qb3 Rae8 22. Rd7 Re7 23. Rgd1 Kg7 24. Rxe7 Qxe7 25. Qb5 Kf6
26. Bd5 Rd8 27. Re1 Nxd5 28. exd5 Qd7 29. Qc4 Qxd5 30. Qxc7 Rd6 31. Re3 Qc6
32. Rc3 Rd1+ 33. Ka2 Qd5+ 34. Rb3 Rh1 35. Qxb6+ Kg7 36. Qb5 Qe6 37. Qxb7
Qc4 38. Qe4 Qf1 39. Qxe5+ Kh6 40. Qf4+ Kg7 41. Rb7 Qa6 42. Qxf7+ Kh6 43.
Qf4+ g5 44. Qf8+ 1-0

[Event "8th Prague Futures"]
[Site "Prague CZE"]
[Date "2026.02.28"]
[Round "4"]
[White "Schirmbeck,Lilian"]
[Black "Alessi,Clio"]
[Result "1-0"]
[WhiteElo "2036"]
[BlackElo "1887"]
[EventDate "2026.02.24"]

1. d4 Nf6 2. Nf3 e6 3. g3 d5 4. Bg2 Bd6 5. O-O O-O 6. c4 Nc6 7. b3 dxc4 8.
bxc4 e5 9. d5 Na5 10. Qc2 b6 11. Bb2 Re8 12. Nbd2 Nb7 13. Ne1 Bd7 14. Nd3
Rc8 15. Rac1 Qe7 16. Qb1 c6 17. e4 Nc5 18. Rfe1 Nxd3 19. Qxd3 h5 20. h3 Nh7
21. Nf3 g6 22. Red1 Red8 23. Qb1 Ng5 24. Nxg5 Qxg5 25. h4 Qh6 26. Qa1 f6
27. Rd3 Bc5 28. Rcd1 Bg4 29. Bf3 Bxf3 30. Rxf3 Qg7 31. Kg2 Rd6 32. dxc6
Rcxc6 33. Rd5 Rd7 34. Rfd3 Rcd6 35. f4 Rxd5 36. cxd5 Bd6 37. fxe5 fxe5 38.
Rc3 Rf7 39. Qd1 Bc5 40. Rf3 Bd6 41. Rxf7 Qxf7 42. Qc1 Qd7 43. Ba3 Bxa3 44.
Qxa3 Qc7 45. Qd3 Kf7 46. d6 Qd7 47. Qd5+ Kf6 48. Kf2 a5 49. a4 Qe6 50. Qd2
Kf7 51. d7 Qf6+ 52. Ke3 Qd8 53. Qd6 b5 54. axb5 a4 55. b6 a3 56. b7 a2 57.
b8=Q Qxb8 58. Qxb8 a1=Q 59. d8=Q Qe1+ 60. Kd3 Qd1+ 61. Kc4 Qc2+ 62. Kd5
Qd3+ 63. Kxe5 Qxg3+ 64. Kd5 Qd3+ 65. Kc5 Qc3+ 66. Kb6 Qb4+ 67. Kc7 Qc5+ 68.
Kd7 Qd4+ 69. Kc8 1-0

[Event "8th Prague Futures"]
[Site "Prague CZE"]
[Date "2026.02.28"]
[Round "4"]
[White "Jordan,Christina"]
[Black "Rzadkowska,Kaja"]
[Result "1/2-1/2"]
[WhiteElo "1890"]
[BlackElo "1908"]
[EventDate "2026.02.24"]

1. e4 c5 2. Nf3 e6 3. d4 cxd4 4. Nxd4 Nf6 5. Nc3 Nc6 6. Bf4 d6 7. Bb5 Qc7
8. Be3 Be7 9. g4 a6 10. Be2 b5 11. g5 Nd7 12. Nxc6 Qxc6 13. Qd4 Rg8 14. f4
Bb7 15. Rf1 Nc5 16. Bf3 Na4 17. Nxa4 bxa4 18. e5 d5 19. c4 Rd8 20. Rc1 Qd7
21. Bd1 Kf8 22. cxd5 Bxd5 23. Bxa4 Qb7 24. Qb6 Qxb6 25. Bxb6 Rb8 26. Be3 g6
27. b3 Kg7 28. Ke2 Rgc8 29. Rxc8 Rxc8 30. Rc1 Rd8 31. Rc7 Bb4 32. Bc5 Bxc5
33. Rxc5 h6 34. gxh6+ Kxh6 35. Rc7 Kg7 36. Ke3 Rh8 37. Ra7 Rh3+ 38. Kd4
Rxh2 39. Rxa6 Rxa2 40. b4 Rf2 41. b5 Rxf4+ 42. Kc5 g5 43. b6 g4 44. Bb5 g3
45. Ra1 g2 46. Rg1 Rf2 47. Ba6 Rc2+ 48. Kb4 Rb2+ 49. Kc5 Kg6 50. b7 Kf5 51.
Kd6 Bxb7 52. Bxb7 Rxb7 53. Rxg2 Rb6+ 54. Kc5 Rb1 55. Re2 Rd1 56. Kc4 Rd5
57. Rf2+ Kxe5 58. Rxf7 Ke4 59. Rh7 Rf5 60. Kc3 e5 61. Kd2 Kf3 62. Rh3+ Kg4
63. Re3 Rf2+ 64. Ke1 Rf5 65. Kd2 Rh5 66. Kd3 Kf4 67. Re4+ Kf5 68. Re3 Rh4
69. Rf3+ Ke6 70. Rf8 Rh3+ 71. Ke4 Rh4+ 72. Kd3 Ra4 73. Ke3 Rg4 74. Re8+ Kd5
75. Rd8+ Kc4 76. Rc8+ Kd5 77. Rd8+ Ke6 78. Re8+ Kf6 79. Rf8+ Ke7 80. Rf5
Kd6 81. Rf8 Rg6 82. Ke4 Rg1 83. Rd8+ Ke7 84. Rd5 Kf6 85. Rd6+ Ke7 86. Rd5
Re1+ 87. Kf5 e4 88. Re5+ Kd6 89. Rxe4 Rxe4 90. Kxe4 1/2-1/2

[Event "8th Prague Futures"]
[Site "Prague CZE"]
[Date "2026.02.28"]
[Round "4"]
[White "Nguyen Doan,Bao Anh Angelina"]
[Black "Rzadkowska,Lila"]
[Result "1-0"]
[WhiteElo "1851"]
[BlackElo "1836"]
[EventDate "2026.02.24"]

1. e4 e5 2. Nf3 Nc6 3. Bb5 Nf6 4. d3 d6 5. O-O Bd7 6. c3 g6 7. Re1 Bg7 8.
d4 O-O 9. Nbd2 Qe8 10. Bd3 Kh8 11. a4 a5 12. Nc4 Ng8 13. Bc2 Bg4 14. dxe5
dxe5 15. h3 Be6 16. Qe2 f6 17. b3 Qf7 18. Ba3 Rfe8 19. Rad1 Rad8 20. Rxd8
Rxd8 21. Rd1 Bxc4 22. Qxc4 Qxc4 23. bxc4 Rxd1+ 24. Bxd1 Nd8 25. Nd2 f5 26.
c5 Ne7 27. g4 f4 28. Nf3 Nec6 29. Bb3 Bf6 30. Kf1 Kg7 31. Ke2 Kf8 32. Kd3
Ne7 33. Kc4 c6 34. Kd3 Nf7 35. Bxf7 Kxf7 36. Nd2 Nc8 37. Nc4 Bd8 38. Nxe5+
Ke6 39. Nf3 h6 40. Nd2 Ne7 41. Nc4 Kd7 42. Ne5+ Ke6 43. Nf3 Bc7 44. c4 Ng8
45. Bb2 Ne7 46. e5 b6 47. Bd4 Nc8 48. Ke4 g5 49. cxb6 Bxb6 50. Bxb6 Nxb6
51. Nd4+ Kd7 52. e6+ Ke7 53. Kf5 Nxc4 54. Nxc6+ Ke8 55. Kg6 Nd2 56. Kxh6
Ne4 57. f3 Nf2 58. Kxg5 Nxh3+ 59. Kf5 1-0

[Event "8th Prague Futures"]
[Site "Prague CZE"]
[Date "2026.03.01"]
[Round "5"]
[White "Hrckova,Anna"]
[Black "Markina,Sofiia"]
[Result "1/2-1/2"]
[WhiteElo "2041"]
[BlackElo "1867"]
[EventDate "2026.02.24"]

1. e4 d6 2. d4 Nf6 3. Nc3 e5 4. dxe5 dxe5 5. Qxd8+ Kxd8 6. Bg5 Nbd7 7.
O-O-O Bd6 8. Bc4 Ke8 9. f3 h6 10. Be3 Ke7 11. Nge2 c6 12. Ng3 Bc7 13. Nf5+
Kf8 14. g4 Bb6 15. Bxb6 Nxb6 16. Bb3 Bxf5 17. exf5 g6 18. fxg6 fxg6 19.
Rhe1 Re8 20. Rd6 Kg7 21. Ne4 Nxe4 22. Rxe4 Rhf8 23. Rd3 Rf4 24. Rde3 Rxe4
25. Rxe4 Nd5 26. h3 Nf4 27. h4 Kf6 28. Bc4 Ng2 29. g5+ hxg5 30. hxg5+ Kf5
31. b4 Nf4 32. b5 Kxg5 33. bxc6 bxc6 34. Ba6 Re7 35. Rc4 Ne2+ 36. Kd1 Nd4
37. f4+ Kf5 38. fxe5 Kxe5 39. c3 Nf3 40. Rxc6 g5 41. Rc4 Kf6 42. a4 Ne5 43.
Rd4 Rd7 44. Rxd7 Nxd7 45. Bb5 Nc5 46. c4 Ke5 47. a5 a6 48. Bc6 Kd4 49. Bd5
Kc3 50. Ke2 Kb4 51. Kf3 Kxa5 52. Bc6 Kb4 53. Kg4 Kxc4 54. Kxg5 Ne6+ 55. Kg4
Nd4 56. Be8 a5 57. Kf4 Nb5 58. Ke3 a4 59. Kd2 a3 60. Bxb5+ Kxb5 1/2-1/2

[Event "8th Prague Futures"]
[Site "Prague CZE"]
[Date "2026.03.01"]
[Round "5"]
[White "Alessi,Clio"]
[Black "Nguyen Doan,Bao Anh Angelina"]
[Result "1/2-1/2"]
[WhiteElo "1887"]
[BlackElo "1851"]
[EventDate "2026.02.24"]

1. e4 c5 2. c3 Nf6 3. e5 Nd5 4. d4 cxd4 5. Nf3 Nc6 6. cxd4 d6 7. Bc4 dxe5
8. Nxe5 e6 9. O-O Be7 10. Nxc6 bxc6 11. Nc3 O-O 12. Bd3 Bf6 13. Nxd5 Qxd5
14. Be3 Bb7 15. Be2 Rfd8 16. Bf3 Qd7 17. Qb3 Rab8 18. Rfd1 Qe7 19. Bf4 Rbc8
20. Be5 Ba8 21. Rac1 Rd7 22. Qa4 Rcd8 23. Bxf6 Qxf6 24. Bxc6 Bxc6 25. Rxc6
g6 26. Rc8 Rxc8 27. Qxd7 Rc2 28. Rf1 a5 29. d5 exd5 30. Qxd5 Qxb2 31. Qxa5
Qxa2 32. Qd8+ Kg7 33. Qd4+ Kg8 34. Re1 Rc8 35. h3 Qc2 36. Qd7 Rf8 37. h4
Qc8 38. Qd4 h5 39. g3 Qf5 40. Re5 Qf6 41. Qe3 Kg7 42. Kg2 1/2-1/2

[Event "8th Prague Futures"]
[Site "Prague CZE"]
[Date "2026.03.01"]
[Round "5"]
[White "Stara,Zuzana"]
[Black "Jordan,Christina"]
[Result "0-1"]
[WhiteElo "1976"]
[BlackElo "1890"]
[EventDate "2026.02.24"]

1. e4 c5 2. Nf3 d6 3. Bc4 e6 4. d4 cxd4 5. Qxd4 Nc6 6. Qd3 h6 7. Nc3 Nf6 8.
Bf4 a6 9. O-O-O e5 10. Bd2 b5 11. Bb3 Bb7 12. h3 Na5 13. g4 Nxb3+ 14. axb3
b4 15. Nd5 Nxd5 16. exd5 Qa5 17. Be3 Qa1+ 18. Kd2 Qxb2 19. Rhe1 Be7 20. Ke2
Rc8 21. Rd2 Qc3 22. Qe4 a5 23. Kf1 Qc7 24. Kg1 Qd7 25. Kh2 Rf8 26. Qh7 Bf6
27. Bf4 Kd8 28. Be3 Ke8 29. g5 hxg5 30. Bxg5 Qe7 31. Rg1 Rc3 32. Qe4 Rxf3
33. Qxf3 Bxg5 34. Re2 Ba6 35. Ree1 Bf4+ 36. Kh1 Rh8 37. Rg4 g5 38. Rgg1 Bc8
39. Kg2 Bxh3+ 0-1

[Event "8th Prague Futures"]
[Site "Prague CZE"]
[Date "2026.03.01"]
[Round "5"]
[White "Rzadkowska,Kaja"]
[Black "Schirmbeck,Lilian"]
[Result "1-0"]
[WhiteElo "1908"]
[BlackElo "2036"]
[EventDate "2026.02.24"]

1. Nf3 c5 2. g3 Nc6 3. Bg2 g6 4. O-O Bg7 5. c4 e5 6. Nc3 d6 7. d3 Nge7 8.
a3 a5 9. Rb1 O-O 10. Nd5 Nxd5 11. cxd5 Ne7 12. Nd2 a4 13. b4 axb3 14. Qxb3
Rb8 15. a4 Bd7 16. Nc4 Nf5 17. a5 Nd4 18. Qa2 Bb5 19. e3 Bxc4 20. dxc4 Nf5
21. Bd2 Qc7 22. Rb5 Ra8 23. Rfb1 Rfb8 24. Qb3 Ra7 25. Rb6 Bf6 26. a6 Bd8
27. Rxb7 Raxb7 28. axb7 Kg7 29. Qb5 Ne7 30. Be4 Ng8 31. Bc2 Ne7 32. Kg2 Ng8
33. Ba4 Nf6 34. Qa6 Nd7 35. Bc6 Kf8 36. Qb5 Ke7 37. Ra1 Qb6 38. Bxd7 Rxb7
39. Qxb6 Rxb6 40. Bb5 Rb7 41. Ba5 Bxa5 42. Rxa5 h5 43. Ra6 f6 44. Ra8 Rc7
45. Rh8 g5 46. Rh7+ Kd8 47. Rxc7 Kxc7 48. Be8 1-0

[Event "8th Prague Futures"]
[Site "Prague CZE"]
[Date "2026.03.01"]
[Round "5"]
[White "Rzadkowska,Lila"]
[Black "Tolmaceva,Alona"]
[Result "1-0"]
[WhiteElo "1836"]
[BlackElo "1876"]
[EventDate "2026.02.24"]

1. c4 c5 2. Nf3 Nc6 3. d4 cxd4 4. Nxd4 Nf6 5. Nc3 g6 6. e4 d6 7. Be2 Bg7 8.
Be3 O-O 9. O-O Nxd4 10. Bxd4 Bd7 11. Qd2 Bc6 12. Bd3 Qa5 13. Rad1 Rfd8 14.
Kh1 Rac8 15. f3 h6 16. Qf2 b6 17. Rb1 Qa6 18. Rbd1 Qb7 19. Be2 Qb8 20. Be3
Bb7 21. Bd4 Ba6 22. b3 Qb7 23. Rfe1 Nd7 24. Bxg7 Kxg7 25. Qd4+ Kh7 26. f4
Qb8 27. Nd5 Re8 28. Bg4 Rcd8 29. Bxd7 Rxd7 30. e5 Bb7 31. e6 fxe6 32. Rxe6
Bxd5 33. Qxd5 Rg8 34. f5 Qf8 35. fxg6+ Rxg6 36. Rxg6 Kxg6 37. Qe6+ 1-0